00655cam a22002173a 450000100060000000300060000600500170001200800410002904000150007004200070008505000070009210000290009924500920012826000290022050600300024951600200027965300200029965300470031983000290036685600420039520473PGUSA20140828083431.0070128s2007||||xxu|||||s|||||000 1 eng d aPGUSAbeng adc 4aPZ1 aChase, Josephine,d-193110aGrace Harlowe's Third Year at Overton Collegeh[electronic resource] /cJosephine Chase bProject Gutenberg,c2007 aPublic domain in the USA. aElectronic text aCollege stories aWomen college students -- Juvenile fiction 0aProject Gutenbergv2047340uhttp://www.gutenberg.org/ebooks/20473